Länder mit dem nördlichsten südlichsten Punkt - Statistiken

Allgemein
  • Dieses Quiz wurde 106 mal gespielt
  • Das Durchschnittsergebnis liegt bei 18 aus 20
Antwortstatistiken
Breitengrad Land % Korrekt
59.48 °N Finnland
99%
58.00 °N Norwegen
99%
55.20 °N Schweden
99%
54.34 °N Dänemark
98%
63.23 °N Island
98%
57.31 °N Estland
96%
55.40 °N Lettland
96%
49.00 °N Polen
96%
53.54 °N Litauen
94%
49.57 °N Vereinigtes Königreich
94%
47.17 °N Deutschland
90%
51.15 °N Belarus
89%
49.30 °N Belgien
89%
50.16 °N Niederlande
89%
51.26 °N Irland
88%
49.27 °N Luxemburg
87%
48.33 °N Tschechien
87%
47.44 °N Slowakei
78%
47.03 °N Liechtenstein
73%
46.23 °N Österreich
72%
Keine übereinstimmenden Quizze gefunden
Verteilung der Resultate
Anzahl Personen mit jedem Resultat
Perzentil nach korrekt beantworteten Fragen
Ihre Resultats-Entwicklung
Sie haben dieses Quiz noch nicht gespielt